000 00419nam a2200157Ia 4500
008 151213s9999 xx 000 0 und d
100 _aDr. V . A. Shenai
245 _aTechnology of Textile Processing Textile Fiber
_cDr. V . A. Shenai
250 _a2nd
260 _aIndia
_bSevak Publications
_c1980
300 _a7448 p.
650 _aTextiles
650 _aTextiles
700 _aDr. V . A. Shenai
999 _c3965
_d3965